| 000 | 04600nam a2200385 a 4500 | ||
|---|---|---|---|
| 001 | ebr10747389 | ||
| 003 | CaPaEBR | ||
| 006 | m o u | ||
| 007 | cr cn||||||||| | ||
| 008 | 130422s2013 nyua sb 001 0 eng d | ||
| 010 | _z 2013016262 | ||
| 020 | _z9780823251865 (pbk.) | ||
| 040 |
_aCaPaEBR _cCaPaEBR |
||
| 035 | _a(OCoLC)859159630 | ||
| 043 | _an-us-ny | ||
| 050 | 1 | 4 |
_aHT281 _b.C36 2013eb |
| 082 | 0 | 4 |
_a307.09747/23 _223 |
| 100 | 1 | _aCampo, Daniel. | |
| 245 | 1 | 4 |
_aThe accidental playground _h[electronic resource] : _bBrooklyn waterfront narratives of the undesigned and unplanned / _cDaniel Campo. |
| 250 | _a1st ed. | ||
| 260 |
_aNew York : _bEmpire State Editions, _c2013. |
||
| 300 |
_a291 p. : _bill. (some col.) |
||
| 504 | _aIncludes bibliographical references and index. | ||
| 505 | 8 | _aMachine generated contents note: -- Chapter 1 - Discovering and Engaging a Waterfront -- Chapter 2- The Rise and Fall of Shantytown Skatepark -- Chapter 3- March and Burn: Practice, Performance and Leisure without a Plan -- Chapter 4- Outside Art: Exploring Wildness and Reclamation at the Water's Edge -- Chapter 5- Local Tales: Hanging Out and Observing Life on the Waterfront -- Chapter 6- Residential Life: Hardship and Resiliency on the Waterfront -- Chapter 7- Neighbors Against Garbage: Activism and Uneasy Alliances on the Waterfront -- Chapter 8- Unplanned Postscript: Dogs, Sunsets, Rock Bands and the Governance of a Waterfront Park -- Chapter 9- Planning for the Unplanned. | |
| 520 |
_a"The Accidental Playground explores the remarkable landscape created by individuals and small groups who occupied and rebuilt an abandoned Brooklyn waterfront in Williamsburg. Without formal authority, capital, professional assistance, grand vision, consensus, or coordination with each other, these "vernacular" builders transformed a vacated waterfront railroad yard into a unique setting for recreation and creative endeavor. With the Manhattan skyline as its backdrop, the collapsing piers, eroded bulkhead, and remaining building foundations of the former Brooklyn Eastern District Terminal (BEDT) became the raw materials for various forms of waterside leisure and social spaces. Lacking predetermined rules governing its use, this waterfront evolved into the home turf for unusual and sometimes spectacular recreational, social, and creative subcultures. These included skateboarders who built a short-lived, but nationally renowned skatepark; a twenty-five-piece "public" marching band, fire performance troupes, and a variety of artists, photographers, and filmmakers. At the same time the site also served basic recreational needs of local residents. Collapsing piers became great places to catch fish, sunbathe, or take in the Manhattan skyline; the foundation of a demolished warehouse became an ideal place to practice music or skateboard; rubble-strewn earth became a compelling setting for film and fashion shoots; broken bulkhead became a beach; and thick patches of weeds dotted by ailanthus trees became a jungle. Drawing on a rich mix of documentary strategies including observation, ethnography, photography, and first-person narrative, Daniel Campo probes this accidental playground, allowing those who created it to share and examine their own narratives, perspectives, and conflicts. The multiple constituencies of this Williamsburg waterfront were surprisingly diverse, their stories colorful and provocative. When taken together, Campo argues, they suggest a radical reimagining of urban public space, the waterfront, and the practices by which they are created and maintained. The Accidental Playground, which treats readers to an utterly compelling story, is an exciting and distinctive contribution to the growing literature on the unplanned and the undesigned spaces and activities in cities today"-- _cProvided by publisher. |
||
| 533 |
_aElectronic reproduction. _bPalo Alto, Calif. : _cebrary, _d2013. _nAvailable via World Wide Web. _nAccess may be limited to ebrary affiliated libraries. |
||
| 610 | 2 | 0 | _aBrooklyn Eastern District Terminal. |
| 650 | 0 |
_aRecreation _zNew York (State) _zBrooklyn (New York) |
|
| 650 | 0 |
_aCommunities _zNew York (State) _zBrooklyn (New York) |
|
| 650 | 0 |
_aWaste lands _xRecreational use _zNew York (State) _zBrooklyn (New York) |
|
| 650 | 0 |
_aWaterfronts _xRecreational use _zNew York (State) _zBrooklyn (New York) |
|
| 655 | 7 |
_aElectronic books. _2local |
|
| 710 | 2 | _aebrary, Inc. | |
| 856 | 4 | 0 |
_uhttp://site.ebrary.com/lib/rucke/Doc?id=10747389 _zAn electronic book accessible through the World Wide Web; click to view |
| 999 |
_c35468 _d35468 |
||